000 01002nam a2200193 4500
001 2852
005 20251016124146.0
008 251016e2012 cl n|gsr||||c00| 00spa
040 _ahms
_cspa
_dhms
110 1 _aEjercito de Chile
_bComando de Salud
_94450
245 1 0 _aHMSalud :
_bRevista Hopital Militar de Santiago /
_cDirector Coronel Erick Strömbäck Cerda ; Redacción y edición Sofía Fauré.
_h[revista electrónica]
246 3 0 _aRevista Hopital Militar de Santiago
260 _aSantiago de Chile :
_bs/i,
_c2012
300 _a14 páginas :
_bilustraciones ;
_c28 cm.
505 _aServicio de urgencia. -- Alzheimer una enfermedad compartida. -- Cuando la vida supera la enfermedad, una historia de empuje y superación. -- Cáncer de mama, la importancia de llegar a tiempo. -- Colegio hospitalario, Hospital Militar educación desde el amor. .
650 7 _aSalud
_vPublicaciones periódicas.
_94451
856 4 0 _uhttps://nube.hms.cl/index.php/s/kimsDbwP7N6wEzG
942 _2ddc
_n0
_cCR
999 _c2852
_d2852